|
|
|
|
| LEADER |
00915nam a22002537a 4500 |
| 001 |
30809 |
| 003 |
BD-DhAAL |
| 005 |
20170104103724.0 |
| 008 |
160106s2013 nau||||| |||| 00| 0 eng d |
| 040 |
|
|
|a BD-DhAAL
|c BD-DhAAL
|
| 082 |
|
|
|2 22
|a 342.0878
|
| 100 |
|
|
|a Al-Sharmani, Mulki
|9 17217
|
| 245 |
|
|
|a Feminist activism, women's rights, and legal reform /
|c Mulki Al-Sharmani
|
| 260 |
|
|
|a London ;
|a New York :
|b Zed Books,
|c 2013
|
| 300 |
|
|
|a x, 246 p. :
|b 22 cm.
|
| 526 |
|
|
|a BIGD
|
| 541 |
|
|
|e 30809
|
| 650 |
|
|
|a Women
|x Legal status, laws, etc.
|9 17218
|
| 650 |
|
|
|a Women's rights.
|9 17219
|
| 650 |
|
|
|a Feminism
|x Law reform
|9 17220
|
| 852 |
|
|
|a Ayesha Abed Library
|c General Stacks
|
| 942 |
|
|
|2 ddc
|c BK
|
| 999 |
|
|
|c 36557
|d 36557
|
| 952 |
|
|
|0 0
|1 0
|2 ddc
|4 0
|6 342_087800000000000_ALS
|7 0
|9 57537
|a BRACUL
|b BRACUL
|c GEN
|d 2016-01-06
|e Sohela Nazneen, BIGD
|l 9
|m 56
|o 342.0878 ALS
|p 3010030809
|r 2025-07-15
|s 2025-06-22
|t 1
|w 2016-01-06
|y BK
|